00329nam a2200121Ia 4500008004100000041000800041082001600049100001800065245007400083260001600157365001600173700001800189230718s9999 xx 000 0 und d aeng a327.73bBRZ aBrzezinski Z. aSecond ChancebThree Presidents And The Crisis Of American Superpower bBasic Books cRs.b540.00 aBrzezinski Z.